000 00334nam a2200121Ia 4500
008 220901s9999||||xx |||||||||||||| ||und||
082 _a004.6 KUM
100 _aKumar Jha, Vijay
245 0 _aJournal of networking technology
250 _aVol. 4 Issue No. 2 & 3
260 _bDline Journal
_c2013
650 _aComputer Networks
_913005
999 _c193526
_d193526